000 00441nam a2200157 a 4500
005 20140310183300.0
008 041210s19uu xx 00 eng d
020 _a0749316780
050 _aPS 3573.A4347
_b.W198 1993
100 _aWaller, Robert James
245 _aThe bridges of Madison county/.
_cRobert James Waller
260 _aNew York ;
_bWarner Books,
_c1993.
300 _a171 p. :
_c17 cm.
942 _cBK
_2lcc
999 _c20963
_d20963